Gott in seinem Tempel : lokale Züge und ägyptische Entlehnungen in der geistigen Kultur des alten Sudan /

محفوظ في:

المؤلف الرئيسي: Kormysheva, Ė. E.‪ (مؤلف)

التنسيق: كتاب

اللغة: German

منشور في: Moskau : Institut fur orientforschungen Russische akademie der Wissenschften, 2010.

الموضوعات:

الوسوم: إضافة وسم

لا توجد وسوم, كن أول من يضع وسما على هذه التسجيلة!

رقم الطلب: BL2441.2 .K67 2010

LEADER 00909namaa2200241 4500
003 OSt
005 20250929084528.0
008 130303s2010 ru a b 001 0 ger d
020 |a 9785892824149 
040 |c ARCE Library 
043 |a f-ua---  |a f-sj--- 
050 4 |a BL2441.2 .K67 2010 
100 1 |a Kormysheva, Ė. E.‪,   |q (Ėleonora Efimovna)‪,   |e author,   |9 34122 
245 1 0 |a Gott in seinem Tempel :   |b lokale Züge und ägyptische Entlehnungen in der geistigen Kultur des alten Sudan /   |c Eleonora E. Kormysheva. 
264 1 |a Moskau :   |b Institut fur orientforschungen Russische akademie der Wissenschften,   |c 2010. 
300 |a 419 pages :   |b illustrations ;   |c 30 cm.  
504 |a Includes bibliographical references (pages 342-386) and indexes.  
650 0 |a Rites and ceremonies  |z Nubia. 
651 0 |a Nubia  |x Antiquities. 
651 0 |a Sudan. 
901 |a reviewed 
942 |c BK  |2 lcc 
999 |c 1357  |d 1357